Capitales avec la lettre A comme troisième lettre - Statistiques

Statistiques générales
  • Ce quiz a été pris 195 fois
  • Le résultat moyen est 7 sur 12
Statistiques - réponses
Afrique % Correct
Brasilia
90%
Prague
71%
Bratislava
67%
Brazzaville
65%
Luanda
57%
Praia
56%
Guatemala
54%
Niamey
51%
Ouagadougou
51%
Khartoum
50%
Mbabane
43%
Kuala Lumpur
40%
Aucun quiz correspondant
Distribution des résultats
% des personnes avec chaque résultat
Percentile par nombre de réponses
Votre historique - résultats
Vous n’avez pas pris ce quiz